000 00398nam a2200157Ia 4500
008 230718s9999 xx 000 0 und d
041 _aeng
082 _a005.2768
_bSOM
100 _aSomasundaram K.
245 _a Programming In Java 2
260 _c2005
_bJaico Publishing House
300 _a717
365 _cRs.
_b295.00
700 _aSomasundaram K.
906 _dB:162/19.09.2005
_cIT
_b118
999 _c311087
_d311087